The false promise of codetermination : The Changing nature of European workers' participation

Gardado en:
Detalles Bibliográficos
Autor Principal: Thimm, Alfred L.
Formato: Libro
Idioma:Undetermined
Publicado: Toronto Lexington 1980
Những chủ đề:
Các nhãn: Engadir etiqueta
Sen Etiquetas, Sexa o primeiro en etiquetar este rexistro!
Thư viện lưu trữ: Trung tâm Học liệu Trường Đại học Cần Thơ
LEADER 00576nam a2200205Ia 4500
001 CTU_78928
008 210402s9999 xx 000 0 und d
082 |a 311 
082 |b T433 
100 |a Thimm, Alfred L. 
245 4 |a The false promise of codetermination : 
245 4 |b The Changing nature of European workers' participation 
245 0 |c Alfred L. Thimm 
260 |a Toronto 
260 |b Lexington 
260 |c 1980 
650 |a Management 
650 |x Employee participation 
650 |z Europe 
980 |a Trung tâm Học liệu Trường Đại học Cần Thơ